00963nam a2200241 a 4500001001000000005001700010008004100027020001500068040001800083050002400101100003300125245007200158260005800230300004200288504003100330600005400361610007800415650004700493651005000540942001100590999001500601952010500616BRCA_132320190320203357.0000411s1999 mx-a---##b---f000-0#spa-# a9688106119 aDLCcDLCdDLC 4aF1219.73b.L46 19991 aLeón-Portilla, Miguel950410aFray Bernardino de Sahagún en TlatelolcocMiguel León-Portilla. aMéxicobSecretaría de Relaciones Exterioresc1999 a185 p.bil. (algunas a color)c31 cm. aBibliografía: p. 164-18514aSahagún, Bernardino ded1590xvida y obra9433324aColegio de la Santa Cruz (Tlatelolco, Ciudad de México)xHistoria9433414aAztecasvFuentesxHistoriazMéxico94335 4aMéxicoxHistoriayConquista, 1519-15409442 2lcccB c1187d1187 00104070aBRCAbBRCAd2008-06-26l0oF1219.73 .L46 1999p01839r2019-03-22 00:00:00w2019-03-22yB